| 000 | 00371cam a22001217a 4500 | ||
|---|---|---|---|
| 008 | 180718b1963 xxu||||| |||| 00| 0 eng d | ||
| 082 | _aA99 V836/Sh23 | ||
| 100 | _aSharma, Benishankar | ||
| 245 |
_aSwami Vivekananda: a forgotten chapter of his life _cby Benishankar Sharma |
||
| 260 |
_aCalcutta _bOxford _c1963 |
||
| 300 | _a229p | ||
| 650 | _aVivekananda, Swami, 1863-1902 | ||
| 999 |
_c416130 _d416130 |
||